Liverpool Park Estates : their legal basis, creation and early management /

Bibliographic Details
Main Author: George, Susan
Format: Book
Language:English
Published: Liverpool : Published for the School of History, University of Liverpool, [by] Liverpool University Press, 2000.
Series:Liverpool historical studies ; 16.
Subjects:

MARC

Tag First Indicator Second Indicator Subfields
LEADER 00000cam a2200000Ia 4500
001 in00001590313
005 20151022132811.0
008 001031s2000 enkabe b 001 0 eng d
020 |a 0853234094 
035 |a (OCoLC)ocm45259082 
040 |a NYP  |c NYP  |d RSD  |d TXA  |d UtOrBLW 
043 |a e-uk-en 
049 |a TXAM 
090 |a HT169.57.L5  |b G4 2000 
100 1 |a George, Susan. 
245 1 0 |a Liverpool Park Estates :  |b their legal basis, creation and early management /  |c Susan George. 
264 1 |a Liverpool :  |b Published for the School of History, University of Liverpool, [by] Liverpool University Press,  |c 2000. 
300 |a xvi, 165 pages :  |b illustrations, map, plans ;  |c 21 cm. 
336 |a text  |b txt  |2 rdacontent 
337 |a unmediated  |b n  |2 rdamedia 
338 |a volume  |b nc  |2 rdacarrier 
490 1 |a Liverpool historical studies ;  |v 16 
504 |a Includes bibliographical references and index. 
650 0 |a Planned communities  |z England  |z Liverpool  |x History. 
650 0 |a Real covenants  |z England  |z Liverpool  |x History. 
650 0 |a Real estate development  |z England  |z Liverpool  |x History. 
650 0 |a Residential real estate  |z England  |z Liverpool  |x History. 
830 0 |a Liverpool historical studies ;  |v 16. 
994 |a E0  |b TXA 
948 |a cataloged  |b h  |c 2001/1/24  |d c  |e lmiller  |f 2:51:54 pm 
999 |a MARS 
999 f f |s 4e047b20-a669-3a71-adee-0c980069d175  |i bbc12fda-3fb3-31c6-bbfa-443274036651  |t 0 
952 f f |p ric  |a Texas A&M University  |b Rellis Campus  |c Joint Library Facility  |d Remote Storage  |t 0  |e HT169.57.L5 G4 2000  |h Library of Congress classification  |i unmediated -- volume  |m A14827131065 
998 f f |a HT169.57.L5 G4 2000  |t 0  |l Remote Storage